000 00370nam a2200169Ia 4500
008 230606s2019 xx 000 0 und d
041 _aeng
100 _aM c Grath
245 _aBasic managerial Skill for all
250 _a19th
260 _bP.H.I.
_c2019
300 _a812p
500 _a2279
520 _aGeneral
520 _aHard Board
650 _aG.SKILL
999 _c421294
_d421294